| 000 | 00540nam a2200193Ia 4500 | ||
|---|---|---|---|
| 008 | 180523s9999 xx 000 0 und d | ||
| 020 | _a0-8144-7164-1 | ||
| 050 | _aMAIN HD 69.P75 | ||
| 050 | _b.N49 2003 | ||
| 100 | _aNewell, Michael W. | ||
| 245 | 4 | _aThe Project management question and answer book / | |
| 245 | 0 | _cMichael W. Newell, Marina N. Grashina. | |
| 260 | _aNew York : | ||
| 260 | _bAmerican Management Association., | ||
| 260 | _c2004 | ||
| 300 | _a262 pages : | ||
| 300 | _c23 cm. | ||
| 650 | _aProject management. | ||
| 999 |
_c356973 _d356973 |
||